Bên trong máy tính PC hiện đại T.2
Trong tập 2 này trình bày các chương tiếp theo: Sự làm việc của bàn phím; Dữ liệu của PC; Bộ nhớ của máy; Những kiến thức cơ sở về BIOS; Đào sâu vào trong BIOS; Vai trò của DOS
Đã lưu trong:
| Tác giả chính: | |
|---|---|
| Định dạng: | Sách |
| Năm xuất bản: |
H.
KHKT
1998
|
| Chủ đề: | |
| Tags: |
Thêm thẻ
Không có thẻ, Hãy là người đầu tiên gắn thẻ bản ghi này!
|
| LEADER | 01040nam a2200181 4500 | ||
|---|---|---|---|
| 082 | |a 004.64 |b PH104H | ||
| 100 | |a Phạm Hoàng Dũng | ||
| 245 | |a Bên trong máy tính PC hiện đại |c Phạm Hoàng Dũng |n T.2 | ||
| 260 | |a H. |b KHKT |c 1998 | ||
| 300 | |a 322 tr |c 24 cm | ||
| 520 | |a Trong tập 2 này trình bày các chương tiếp theo: Sự làm việc của bàn phím; Dữ liệu của PC; Bộ nhớ của máy; Những kiến thức cơ sở về BIOS; Đào sâu vào trong BIOS; Vai trò của DOS | ||
| 653 | |a Tin học | ||
| 653 | |a Máy tính | ||
| 942 | |2 ddc |c STK0 | ||
| 999 | |c 8316 |d 8316 | ||
| 952 | |0 0 |1 0 |2 ddc |4 0 |6 004_640000000000000_PH104H |7 0 |8 000 |9 69720 |a qbu |b qbu |c D2 |d 2015-04-06 |o 004.64 PH104H |p 7237.c1 |r 0000-00-00 |w 2015-04-06 |y STK0 | ||
| 952 | |0 0 |1 0 |2 ddc |4 0 |6 004_640000000000000_PH104H |7 0 |8 000 |9 69721 |a qbu |b qbu |c D2 |d 2015-04-06 |o 004.64 PH104H |p 7237.c2 |r 0000-00-00 |w 2015-04-06 |y STK0 | ||
| 952 | |0 0 |1 0 |2 ddc |4 0 |6 004_640000000000000_PH104H |7 0 |8 000 |9 69722 |a qbu |b qbu |c D2 |d 2015-04-06 |o 004.64 PH104H |p 7237.c3 |r 0000-00-00 |w 2015-04-06 |y STK0 | ||